| 000 | 00631nam a2200205 u 4500 | ||
|---|---|---|---|
| 005 | 20240924070730.0 | ||
| 008 | 151028s2000 r 000 0 eng d | ||
| 020 | _a9706611134 | ||
| 035 | _aUPN01000206434 | ||
| 049 | _aCG | ||
| 050 | 4 |
_aB821 _bA3.5 |
|
| 100 | 1 |
_aAguilar Víquez, Fidencio, _d1966- _938188 |
|
| 245 | 1 | 0 |
_aMística y política : _bla necesidad de un nuevo humanismo fincado en una actitud ética y estética / _cFidencio Aguilar Víquez. |
| 260 |
_aMéxico : _bEDAMEX, _c2000. |
||
| 300 | _a180 p. | ||
| 440 | 0 | _aFilosofía y religión | |
| 650 | 4 |
_aHumanismo _914067 |
|
| 905 | _aLibro | ||
| 999 |
_c178535 _d178535 |
||